000 00540nam a2200181Ia 4500
008 100920s9999 xx 000 0 und d
082 _b57328
_a--- थ 87
100 _aकर्णिक हेमंत.
245 _aअवलिया.
260 _bमनमोहिनी प्रकाशन, पुणे.
_c1987
300 _a151
_bसाधी
365 _b35
520 _aकादंबरी.
630 _aअवलिया.
650 _aकादंबरी.
730 _aअवलिया.
942 _cBOOK
999 _c701212
_d701209